000
00311nam a2200133Ia 4500
008
200103s9999||||xx |||||||||||||| ||und||
040
_a
IMU-MPC
082
_a
Column-57
100
_a
Benkovsky, D.
245
0
_a
Technology of Ship Repairing
260
_b
Mir Publishers, Moscow
300
_a
573
942
_c
BK
999
_c
10654
_d
10654